| 000 | 01098cam a22003377a 4500 | ||
|---|---|---|---|
| 003 | CHAP | ||
| 005 | 20220329142949.0 | ||
| 008 | 050429d2001 mx a r 00110 spa d | ||
| 010 | _a90215 | ||
| 011 | _a91187 | ||
| 020 | _a9706860886 | ||
| 035 | _a101745 | ||
| 040 | _cCHAP | ||
| 082 | 0 | 4 |
_a621 _bB67 |
| 100 | 0 | 0 |
_aBoresi, Arthur P. _913858 |
| 245 | 1 | 0 |
_aIngeniería mecánica: _bdinámica _c/por Arthur P. Boresi y Richard J. Schmidt |
| 260 |
_aMéxico, D.F. : _bThomson Learning, _c2001 |
||
| 300 |
_a771 p. : _bilus. ; gráfs. |
||
| 500 | _aTrad. de Engineering Mechanics Dynamics, 2001. | ||
| 590 |
_aBATCH-UPD _b10 _c20130110 _lUCH01 _h0819 |
||
| 590 |
_aBATCH-UPD _b10 _c20130410 _lUCH01 _h0456 |
||
| 590 |
_aBATCH-UPD _b10 _c20130914 _lUCH01 _h0658 |
||
| 590 |
_aCONVERSION _b10 _c20130109 _lUCH01 _h1350 |
||
| 650 | 1 | 4 |
_aDinámica. _932626 |
| 650 | 1 | 4 |
_aIngeniería mecánica. _958260 |
| 700 | 0 |
_aSchmidt, Richard J. _9103062 |
|
| 901 | _aBK | ||
| 905 | _aMarco A. Mendoza T. | ||
| 942 | _cLIBRO | ||
| 949 |
_a621 B67 _bBC _cLIBRO _d33724000954616 _eLIBRO _gI.c/e _h105555 _i101745 _si _t$259.00 |
||
| 999 |
_c90215 _d90215 |
||